000 00375nam a2200145Ia 4500
008 240624s9999 xx 000 0 und d
041 _aeng
082 _a338.83 ROS
100 _aROSENBAUM JOSHUA
245 _aINVESTMENT BANKING VALUATION LEVERAGED B
250 _a(2nd ed.)
260 _c2015
_aNew Delhi
_bWiley India
300 _a441 : p. : cm. ; 28
365 _cRS
_b33
999 _c26487
_d26487